|
|
|
|
| LEADER |
00000nam a2200000 i 4500 |
| 005 |
2013100900430.0 |
| 007 |
cr|||| |||| |
| 008 |
110111s2009 sp 000 0 spa d |
| 020 |
|
|
|a 978-980-7237-01-7
|
| 035 |
|
|
|a 11511
|
| 040 |
|
|
|a BUS
|d vLex
|
| 090 |
|
|
|c 4529
|d 4529
|
| 100 |
1 |
|
|a Cr̤dova, Efrň.
|
| 245 |
1 |
0 |
|a Estudios de derecho del trabajo bajo la p̤tica de dos maestros
|h [Recurso electrn̤ico] /
|c Efrň Cr̤dova, Nštor de Buen ; [prl̤ogo de Oscar Hernǹdez ℓlvarez ; compilacn̤, Ivǹ Mirabal Rendn̤]
|
| 256 |
|
|
|a Servicio en ln̕ea
|
| 260 |
|
|
|a Barquisimeto (Venezuela) :
|b Consejo Acadm̌ico,
|c 2009.
|
| 300 |
|
|
|a 1 recurso electrn̤ico
|
| 490 |
1 |
|
|a Estudios laborales ;
|v 1.
|
| 506 |
1 |
|
|a Contenido solo disponible en los productos indicados
|d vLex Global
|d vLex Global (Academic Edition, excluding Law Schools)
|d vLex Global (U.S. Academic Edition, Law Schools)
|d vLex Global (U.S. Academic Edition, excluding Law Schools)
|d vLex Global (Academic Edition, Law Schools)
|
| 650 |
0 |
4 |
|a Trabajo
|x Derecho
|z Espaą
|
| 700 |
1 |
|
|a Hernǹdez ℓlvarez, Oscar,
|e pr.
|
| 700 |
1 |
|
|a Mirabal Rendn̤, Ivǹ,
|e recop.
|
| 740 |
0 |
|
|a vLex Libros (Servicio en ln̕ea)
|
| 830 |
|
0 |
|a Estudios laborales (Consejo Acadm̌ico) ;
|v 1.
|
| 856 |
4 |
0 |
|u http://vlex.com/source/estudios-derecho-trabajo-bajo-optica-dos-maestros-11511
|z Acceso restringido
|
| 942 |
|
|
|c BOOK
|
| 999 |
0 |
|
|a Labor
|
| 999 |
0 |
|
|a Work
|